Hacia el centenario : la Ciudad Universitaria de Madrid a sus 90 años /
Tallennettuna:
| Päätekijät: | , |
|---|---|
| Aineistotyyppi: | Elektroninen E-kirja |
| Kieli: | espanja |
| Julkaistu: |
Madrid :
Ediciones Complutense,
[2018]
|
| Aiheet: | |
| Linkit: | Digitalia Hispánica |
| Tagit: |
Lisää tagi
Ei tageja, Lisää ensimmäinen tagi!
|
MARC
| LEADER | 00000nam a2200000Ii 4500 | ||
|---|---|---|---|
| 001 | DIGCOMPLT0008 | ||
| 003 | NyNyDIG | ||
| 006 | m o d | ||
| 007 | cr ||||||||||| | ||
| 008 | 230412s2018 sp a ob 000 0 spa d | ||
| 035 | |a (OCoLC)1377520879 | ||
| 040 | |a DGITA |b eng |e rda |e pn |c DGITA | ||
| 020 | |a 9788466935838 |q pdf | ||
| 020 | |z 9788466935821 | ||
| 043 | |a e-sp--- | ||
| 050 | 1 | 4 | |a DP269.27.M3 ebook |
| 245 | 0 | 0 | |a Hacia el centenario : |b la Ciudad Universitaria de Madrid a sus 90 años / |c Carolina Rodríguez-López y Jara Muñoz Hernández (eds.). |
| 264 | 1 | |a Madrid : |b Ediciones Complutense, |c [2018] | |
| 300 | |a 1 online resource : |b illustrations. | ||
| 336 | |a text |b txt |2 rdacontent | ||
| 337 | |a computer |b c |2 rdamedia | ||
| 338 | |a online resource |b cr |2 rdacarrier | ||
| 347 | |a text file |2 rdaft | ||
| 347 | |b PDF | ||
| 504 | |a Includes bibliographical references. | ||
| 588 | 0 | |a Online resource; title from PDF title page (Digitalia, viewed April 12, 2023) | |
| 651 | 0 | |a Ciudad Universitaria (Madrid, Spain) |x History. | |
| 700 | 1 | |a Muñoz Hernández, Jara, |e editor, |e author. | |
| 700 | 1 | |a Pérez-Villanueva Tovar, Isabel, |e editor, |e author. | |
| 791 | 2 | |a Digitalia (Firm), |e distributor. | |
| 793 | 0 | |g Digitalia eBook Collection: |a Ediciones Complutense | |
| 776 | 0 | 8 | |i Print version: |t Hacia el centenario. |d Madrid : Ediciones Complutense, [2018] |z 9788466935821 |
| 856 | 4 | 0 | |3 Digitalia Hispánica |u https://digitalia.unach.elogim.com/a/125644/ |
| 910 | |a Premium collection: 2023 | ||